| 000 | 00793nam a2200241 a 4500 | ||
|---|---|---|---|
| 008 | |||
| 020 | _a0077075773 (pbk.) | ||
| 049 | 0 | _aMAIN | |
| 090 |
_aP96.I54 _bTID |
||
| 100 | 1 | _aTidman, Peter. | |
| 245 | 1 | 0 |
_aTidman's media interview technique : _bhandling the media and getting your point across on TV, radio, and within your organization / _cPeter Tidman, H. Lloyd Slater. |
| 260 |
_aLondon : _bMcGraw-Hill, _cc1992. |
||
| 300 |
_aviii, 151 p. ; _c23 cm. |
||
| 500 | _aIncludes index. | ||
| 650 | 0 | _aInterviewing in mass media. | |
| 700 | 1 | _aSlater, H. Lloyd. | |
| 740 | 0 | _aMedia interview technique. | |
| 907 |
_a.b1011239x _b21-03-12 _c20-02-04 |
||
| 003 | |||
| 005 | 20230123133633.0 | ||
| 040 | _cNUST | ||
| 942 |
_cBOOKS _kP96.I54 _mTID |
||
| 999 |
_c152042 _d152042 |
||